La Marina catalana a mitjan segle XIV / Guillem Morro Venys
ISBN:
84-932201-9-1
Descripción Física:
314 p. ; 24 cm
Colección:
Estudis (Museu Marítim (Barcelona)) ; 8
Otros Autores:
Museu Marítim (Barcelona)
MARC
| LEADER | 00000nam a2200000Ia 4500 | ||
|---|---|---|---|
| 001 | 17249 | ||
| 008 | 160829s2005 xx 000 0 cat d | ||
| 020 | |a 84-932201-9-1 | ||
| 080 | |a H-2-317 | ||
| 100 | |a Morro i Veny, Guillem |9 23455 | ||
| 245 | |a La Marina catalana a mitjan segle XIV / Guillem Morro Venys | ||
| 260 | |a Barcelona : |b Museu Marítim de Barcelona, |c 2005 | ||
| 300 | |a 314 p. ; |c 24 cm | ||
| 490 | |a Estudis (Museu Marítim (Barcelona)) ; 8 | ||
| 590 | |a 5è Premi de Recerca Josep Ricart i Giralt | ||
| 650 | |a Marina de guerra |x Catalunya |x Història |x S. XIV |9 23456 | ||
| 650 | |a Marina mercant |x Catalunya |x Història |x S. XIV |9 23457 | ||
| 650 | |a Pirates |x Mediterrània (Mara) - S. XIV |9 23458 | ||
| 700 | |a Museu Marítim (Barcelona) | ||
| 901 | |a Arxiu | ||
| 942 | |n 1 | ||
| 952 | |0 0 |1 0 |4 0 |6 H2317 |7 1 |9 42713 |a Arxiu |b Arxiu |d 2016-12-01 |l 0 |o H-2-317 |p 17249 |r 2016-12-01 00:00:00 |w 2016-12-01 |y ARXIU | ||
| 999 | |c 45219 |d 45219 | ||